| 000 | 01004cad a22002415a 4500 | ||
|---|---|---|---|
| 001 | L153694 | ||
| 008 | 110817s2011 xxk f 000 0 eng d | ||
| 035 | _a(Sirsi) u153694 | ||
| 041 | 0 | _aeng | |
| 050 | 0 | 4 | _a346.41043 $2 18 |
| 110 | 2 |
_aUnited Kingdom _bLand Registry _94774 |
|
| 245 | 0 | 0 |
_aCharities _h[electronic resource] |
| 260 |
_a[S.l] _bLand Registry _c2011 |
||
| 490 |
_aLand Registry Practice Guide _v(14) |
||
| 520 | _aGives advice about applications to be sent to Land Registry to register transactions involving charities. | ||
| 590 | _aKA | ||
| 650 | 2 | 4 | _aLAND REGISTRATION ACT 2002 |
| 650 | 2 | 4 | _aCHARITIES ACT 2006 (CHANGES IN EXEMPT CHARITIES) ORDER 2010 |
| 651 | 4 |
_aEngland and Wales _y1543- |
|
| 690 | _aPROPERTY-PROPERTY ACQUISITION AND DISPOSAL-REGISTRATION OF TITLE TO PROPERTY-LAND REGISTRATION | ||
| 856 | 4 | 0 |
_uhttps://www1.landregistry.gov.uk/register-land/voluntary-registration-a-guide-for-charities _zView this document free of charge at www.landreg.gov.uk |
| 942 | _n0 | ||
| 999 |
_c112651 _d112651 |
||